Reforming World Agricultural Trade (Record no. 4109)

MARC details
000 -LEADER
fixed length control field 00338nam a22001337a 4500
008 - FIXED-LENGTH DATA ELEMENTS--GENERAL INFORMATION
fixed length control field 250703b |||||||| |||| 00| 0 eng d
020 ## - INTERNATIONAL STANDARD BOOK NUMBER
ISBN 088130889
100 ## - MAIN ENTRY--AUTHOR
Author NIL
245 ## - TITLE STATEMENT
Title Reforming World Agricultural Trade
260 ## - PUBLICATION, DISTRIBUTION, ETC. (IMPRINT)
Place of publication USA.
Name of publisher Institute of International Economics
Date of publication 1988
300 ## - COLLATION
Pagination 32p.
942 ## - ADDED ENTRY ELEMENTS (KOHA)
Item type Books
050 ## - LIBRARY OF CONGRESS CALL NUMBER
Classification number HD9000
Item number .R44
Holdings
Source of classification or shelving scheme Not for loan Permanent location Current location Date acquired Accession No. Full call number Barcode. Koha item type
Library of Congress Classification   Samuel Ogbemudia Main Library, University of Abuja Samuel Ogbemudia Main Library, University of Abuja 07/03/2025 2003/25607 HD9000.R44 2025-2842 Books